[Event "Olympiad Women 2024"]
[Site "Budapest HUN"]
[Date "2024.09.21"]
[Round "10.1"]
[Board "4"]
[White "Nurman, Alua"]
[Black "Khotenashvili, Bella"]
[Result "1/2-1/2"]
[WhiteElo "2324"]
[BlackElo "2432"]
[PlyCount "154"]
[EventDate "2024.09.11"]
[WhiteTeam "Kazakhstan"]
[BlackTeam "Georgia"]
[WhiteTeamCountry "KAZ"]
[BlackTeamCountry "GEO"]

1. e4 e5 2. Nf3 Nc6 3. Bb5 a6 4. Ba4 Nf6 5. O-O Be7 6. Re1 b5 7. Bb3 d6 8. c3 O-O 9. h3 h6 10. d4 Re8 11. Nbd2 Bd7 12. Nf1 a5 13. Bc2 ({RR} 13. d5 Nb8 14. a4 Na6 15. axb5 Nc5 16. Bc2 Bxb5 17. b3 Bxf1 18. Kxf1 c6 19. dxc6 Qb6 20. Kg1 Qxc6 21. Nd2 Ne6 22. Bb2 Reb8 23. Ra2 Bf8 24. Qe2 Rd8 25. Nc4 Qc7 26. Rea1 d5 27. exd5 Rxd5 {0-1 Anand,V (2751)-Caruana,F (2792) Gashimov Memorial Rapid 7th 2021 (6.1)}) ({RR} 13. d5 Nb8 14. a4 Na6 15. axb5 Nc5 16. Bc2 Bxb5 17. b3 Bxf1 18. Kxf1 c6 19. dxc6 Qb6 20. Bd2 Qxc6 21. Qe2 Rec8 22. Nh4 a4 23. Nf5 Bf8 24. bxa4 Nxa4 25. Qf3 Nc5 26. Nxh6+ gxh6 27. Qxf6 Rxa1 {½-½ Kutowski,M (2263)-Davtyan,A (2402) 32nd EY Open U18 2024 (5.17)}) 13... Bf8 14. Ng3 a4 15. Bd3 $146 ({RR} 15. Be3 a3 16. b4 exd4 17. Bxd4 Ne5 18. Nd2 Ng6 19. Nb3 Be6 20. Be3 c5 21. f4 Qc7 22. bxc5 dxc5 23. Qf3 Bd7 24. e5 Bc6 25. Qf2 Nd5 26. Nh5 Nxe5 27. Bxc5 Ng6 28. Bxf8 Rxf8 29. Qd4 Qa7 {½-½ Oleksienko,M (2594)-Demchenko,A (2654) Bundesliga 1920 2019 (9.1)}) ({RR} 15. Be3 a3 16. b3 exd4 17. Nxd4 d5 18. exd5 Nxd5 19. Qd3 g6 20. Nxc6 Bxc6 21. Bd2 Qf6 22. Ne4 Qh4 23. Rad1 Re6 24. Qg3 Qe7 25. f4 {½-½ Ogleznev,A (2284)-Musat,A (2378) TCh-ROU Superliga 2023 (2.2)}) 15... Na5 16. Be3 c5 17. d5 Qc7 18. Bf1 c4 19. a3 Nb3 20. Rb1 Be7 21. Nd2 Nh7 22. Nxb3 axb3 23. Be2 Bg5 24. Bxg5 hxg5 25. Bg4 g6 26. Bxd7 Qxd7 27. Qg4 Re7 28. Ra1 f6 29. Qxd7 Rxd7 30. f3 Nf8 31. Nh1 Rda7 32. Kf2 Nd7 33. Ke3 Nb6 34. Rab1 f5 35. Nf2 Rf8 36. Rbd1 Na4 37. Rd2 Kg7 38. Rh1 Nc5 39. Rhd1 Raf7 40. Ra1 Na4 41. Rad1 Kf6 42. Rh1 Rh8 43. Rg1 Ke7 44. Re1 Ra8 45. Rg1 Rh7 46. g4 f4+ 47. Ke2 Kd7 48. Ra1 Kc7 49. Rh1 Kb6 50. Nd1 Kc5 51. Rh2 Rha7 52. Rh1 Nxb2 53. Nxb2 Rxa3 54. Rdd1 Ra2 55. Rb1 Rh8 56. Kd2 Ra7 57. Rh2 Ra2 58. Rhh1 b4 59. Rh2 Kb5 60. Rhh1 Ra7 61. Rh2 Rah7 62. Rbh1 Rh6 63. Nd1 Ra8 64. Nb2 Rh7 65. Rb1 Rha7 66. Rhh1 Ra2 67. Rhc1 Rh8 68. Rh1 Rh7 69. Rh2 Rxb2+ 70. Rxb2 Ka4 71. Rb1 Ka3 72. Rhh1 b2 73. Kc2 b3+ 74. Kd2 Ka2 75. Rbf1 Rh8 76. Rfg1 Rh7 77. Rf1 Rh8 1/2-1/2

[Event "Olympiad Women 2024"]
[Site "Budapest HUN"]
[Date "2024.09.21"]
[Round "10.2"]
[Board "1"]
[White "Pham, Le Thao Nguyen"]
[Black "Gaal, Zsoka"]
[Result "0-1"]
[WhiteElo "2380"]
[BlackElo "2385"]
[PlyCount "106"]
[EventDate "2024.09.11"]
[WhiteTeam "Vietnam"]
[BlackTeam "Hungary"]
[WhiteTeamCountry "VIE"]
[BlackTeamCountry "HUN"]

1. d4 Nf6 2. Nf3 e6 3. Bf4 d5 4. e3 c5 5. c3 Bd6 6. Bb5+ Nc6 7. Bg3 Bxg3 8. hxg3 Qb6 9. a4 a6 10. dxc5 $146 ({RR} 10. Bxc6+ bxc6 11. Ra2 c4 12. a5 Qb5 13. Nbd2 Rb8 14. Ne5 Nd7 15. Qh5 Nxe5 16. Qxe5 f6 17. Qd6 Kf7 18. Qc7+ Kg6 19. Nf3 h6 20. Rh4 Kh7 21. Nd2 Qb7 22. Qxb7 Rxb7 23. f4 Bd7 24. Kd1 Rhb8 {0-1 Pham Le Thao Nguyen (2395)-Haussernot,C (2108) Swiss Queens Wed #30 2024 (7.89)}) 10... Qxc5 11. Qd4 Qxd4 12. Bxc6+ bxc6 13. exd4 a5 14. Ne5 Bd7 15. Nd2 Ke7 16. f3 Rhb8 17. b3 Ra7 18. Kf2 Be8 19. Rac1 h6 20. c4 Kd6 21. cxd5 cxd5 22. Rc3 Ng8 23. Nd3 Ne7 24. g4 Nc6 25. Ke3 f6 26. f4 Re7 27. Nf3 Bg6 28. Rhc1 Rb6 29. Nc5 Nb4 30. Ne5 fxe5 31. dxe5+ Kc7 32. Nxe6+ Kb7 33. Nd8+ Ka6 34. Rc8 d4+ 35. Kd2 Be4 36. R1c4 Bb7 37. Nxb7 Kxb7 38. R8c5 Nc6 39. Rb5 g5 40. g3 gxf4 41. gxf4 Rf7 42. g5 hxg5 43. fxg5 Rxb5 44. axb5 Nxe5 45. Ra4 Rf2+ 46. Ke1 Nd3+ 47. Kd1 Nb2+ 48. Ke1 Nxa4 49. Kxf2 Nc5 50. g6 Ne6 51. Kf3 Kb6 52. Ke4 Kxb5 53. Ke5 d3 0-1

[Event "Olympiad Women 2024"]
[Site "Budapest HUN"]
[Date "2024.09.21"]
[Round "10.2"]
[Board "2"]
[White "Hoang, Thanh Trang"]
[Black "Vo, Thi Kim Phung"]
[Result "1/2-1/2"]
[WhiteElo "2351"]
[BlackElo "2320"]
[PlyCount "142"]
[EventDate "2024.09.11"]
[WhiteTeam "Hungary"]
[BlackTeam "Vietnam"]
[WhiteTeamCountry "HUN"]
[BlackTeamCountry "VIE"]

1. d4 d5 2. c4 e6 3. Nf3 Nf6 4. g3 Be7 5. Bg2 O-O 6. O-O c6 7. Qc2 b6 8. Nbd2 Nbd7 9. e4 dxc4 10. Nxc4 Bb7 11. Rd1 c5 12. e5 Nd5 13. Nd6 Bxd6 14. Ng5 g6 15. exd6 Nb4 16. Qe2 $146 ({RR} 16. Qd2 Bxg2 17. Kxg2 Nd5 18. b3 N7f6 19. dxc5 bxc5 20. Bb2 Qxd6 21. Rac1 e5 22. Rc4 Rad8 23. Kg1 Qe7 24. Qe2 Nb6 25. Rcc1 Rxd1+ 26. Rxd1 Nfd5 27. Ne4 f6 28. a4 Nc7 29. a5 Nc8 30. Ba3 Ne6 {1-0 Giesinger,E (2131)-Szustakowski,A (2319) Wch U18 Porto Carras 2018 (3)}) 16... Bxg2 17. Kxg2 c4 18. Qxc4 Nd5 19. Ne4 Qc8 20. Qxc8 Rfxc8 21. Bh6 f6 22. h4 Rc6 23. Rac1 Rac8 24. Rxc6 Rxc6 25. Rc1 Rxc1 26. Bxc1 Kf7 27. b3 Nb8 28. Kf3 Nc6 29. Bb2 Ke8 30. g4 Kd7 31. Kg3 Nd8 32. Ba3 Nf7 33. f4 f5 34. gxf5 exf5 35. Nd2 Nc3 36. Kf3 Nb5 37. Bb2 Nfxd6 38. a4 Nc7 39. Nc4 Nd5 40. Ne5+ Ke6 41. Nc6 Ne4 42. Bc1 a6 43. Ne5 b5 44. axb5 axb5 45. Ke2 Nb4 46. Ba3 Nc2 47. Bb2 Kd5 48. Nf3 Nb4 49. Ke3 Nc6 50. Kd3 Nf2+ 51. Ke2 Ng4 52. Bc3 b4 53. Bd2 Nxd4+ 54. Nxd4 Kxd4 55. Bxb4 Nf6 56. Bd6 Nd5 57. Kf3 h5 58. Be5+ Kd3 59. Bd6 Nc3 60. Be5 Nb1 61. b4 Nd2+ 62. Kf2 Ne4+ 63. Kf3 Kc4 64. Ke3 Ng3 65. Kf2 Ne4+ 66. Ke3 Kd5 67. Kd3 Nf2+ 68. Kc3 Nd1+ 69. Kd2 Nf2 70. Kc3 Ne4+ 71. Kd3 Nf2+ 1/2-1/2

[Event "Olympiad Women 2024"]
[Site "Budapest HUN"]
[Date "2024.09.21"]
[Round "10.2"]
[Board "3"]
[White "Luong Phuong Hanh"]
[Black "Papp, Petra"]
[Result "1/2-1/2"]
[WhiteElo "2225"]
[BlackElo "2259"]
[PlyCount "82"]
[EventDate "2024.09.11"]
[WhiteTeam "Vietnam"]
[BlackTeam "Hungary"]
[WhiteTeamCountry "VIE"]
[BlackTeamCountry "HUN"]

1. d4 Nf6 2. Nf3 g6 3. Bf4 Bg7 4. e3 O-O 5. Nbd2 d6 6. h3 c5 7. c3 Qb6 8. Qb3 Nc6 9. Be2 Be6 10. Qxb6 axb6 11. a3 h6 $146 ({RR} 11... Bf5 12. O-O Ne4 13. Nxe4 Bxe4 14. Nd2 Bf5 15. e4 Bd7 16. d5 Na7 17. Nc4 Bb5 18. a4 Ba6 19. Rfe1 Nc8 20. Bf1 f6 21. Bg3 g5 22. Ne3 Bxf1 23. Rxf1 h5 24. f3 Na7 25. Nf5 Kf7 26. c4 {½-½ Herrmann,A (2161)-Schubert,M (1964) Niedersachsen-ch op-B 2012 (4)}) 12. O-O cxd4 13. exd4 Rfc8 14. Rfe1 Kf8 15. Bd3 Bd5 16. c4 Bxf3 17. Nxf3 d5 18. b3 Na5 19. Nd2 Nxb3 20. Nxb3 dxc4 21. Bc2 cxb3 22. Bxb3 Rc3 23. Re3 Rac8 24. Rae1 Nh5 25. Be5 Bxe5 26. dxe5 Nf4 27. Rd1 Rc1 28. Rxc1 Rxc1+ 29. Kh2 e6 30. Rf3 g5 31. g3 Ng6 32. Bxe6 Nxe5 33. Rf5 Rc5 34. Bc8 Nd3 35. Rxc5 Nxc5 36. f4 f6 37. Kg2 Ke7 38. Kf3 Kd8 39. Bf5 Ke7 40. Kg4 Kf7 41. h4 gxh4 1/2-1/2

[Event "Olympiad Women 2024"]
[Site "Budapest HUN"]
[Date "2024.09.21"]
[Round "10.2"]
[Board "4"]
[White "Lazarne Vajda, Szidonia"]
[Black "Bach Ngoc Thuy Duong"]
[Result "1/2-1/2"]
[WhiteElo "2283"]
[BlackElo "2214"]
[PlyCount "75"]
[EventDate "2024.09.11"]
[WhiteTeam "Hungary"]
[BlackTeam "Vietnam"]
[WhiteTeamCountry "HUN"]
[BlackTeamCountry "VIE"]

1. d4 d5 2. Nf3 Nf6 3. c4 c6 4. Qc2 dxc4 5. Qxc4 b5 6. Qc2 Bb7 7. g3 e6 8. Bg2 Nbd7 9. O-O c5 10. Rd1 Rc8 11. Bg5 Qb6 12. Bxf6 Nxf6 13. a4 cxd4 14. Qb3 Bc5 $146 ({RR} 14... bxa4 15. Qxa4+ Bc6 16. Qxa7 Qxa7 17. Rxa7 Bc5 18. Ra5 Bb4 19. Ra1 Bxf3 20. Bxf3 e5 21. Ra4 Rb8 22. Na3 O-O 23. Nc4 Rfe8 24. Bg2 h6 25. Rda1 Bf8 26. Ra8 e4 27. Rxb8 Rxb8 28. Rd1 Bc5 29. Rc1 {0-1 Balog,I (2627)-Sjugirov,S (2651) ch-HUN Blitz 2024 (11.2)}) 15. Qxb5+ Qxb5 16. axb5 O-O 17. Ne5 Bxg2 18. Kxg2 Rb8 19. Na3 Bxa3 20. Rxa3 Rxb5 21. Nc4 Rb4 22. b3 Rb7 23. Rxd4 Rfb8 24. Na5 Rc7 25. Rc4 Rbc8 26. e3 Nd5 27. Rxc7 Rxc7 28. Nc4 Kf8 29. Nd6 Nc3 30. Ra6 Ke7 31. Kf3 f6 32. h4 Kd8 33. Ne4 Nxe4 34. Kxe4 Kd7 35. Kd3 Ke7 36. b4 Kd7 37. b5 Ke7 38. b6 1/2-1/2

[Event "Olympiad Women 2024"]
[Site "Budapest HUN"]
[Date "2024.09.21"]
[Round "10.3"]
[Board "1"]
[White "Dronavalli, Harika"]
[Black "Zhu, Jiner"]
[Result "1/2-1/2"]
[WhiteElo "2502"]
[BlackElo "2487"]
[PlyCount "65"]
[EventDate "2024.09.11"]
[WhiteTeam "India"]
[BlackTeam "China"]
[WhiteTeamCountry "IND"]
[BlackTeamCountry "CHN"]

1. e4 c5 2. Nf3 d6 3. Bb5+ Bd7 4. c4 Nc6 5. Nc3 e5 6. d3 Nge7 7. h4 h6 ({RR} 7... Ng8 8. Nd5 Be7 9. Rb1 Nf6 10. O-O O-O 11. Bxc6 bxc6 12. Nxe7+ Qxe7 13. Nh2 h6 14. f4 d5 15. fxe5 Qxe5 16. Nf3 Qe7 17. exd5 cxd5 18. Bf4 Bf5 19. Rc1 Rfe8 20. Re1 Qb7 21. Rxe8+ Rxe8 22. b3 {1-0 So,W (2757)-Nepomniachtchi,I (2770) SuperUnited CRO Blitz 2024 (9.2)}) 8. h5 Ng8 9. Ng1 $146 ({RR} 9. Nh4 Be7 10. Nf5 Bxf5 11. exf5 Nf6 12. Bxc6+ bxc6 13. Qf3 O-O 14. Qxc6 Rb8 15. Qf3 Qa5 16. O-O Kh8 17. g4 Qd8 18. b3 d5 19. cxd5 Rb4 20. Ne4 Qxd5 21. Ba3 Rd4 22. Rad1 Rd8 23. Kg2 Rxd3 {1-0 Hrbek,S (2402)-Oberhofer,C (2269) 35th Czech Open A 2024 (6.15)}) 9... Be7 10. Nge2 Bg5 11. Nd5 Bxc1 12. Qxc1 Nge7 13. Bxc6 bxc6 14. Ne3 f5 15. f4 O-O 16. g3 exf4 17. gxf4 Qa5+ 18. Qd2 Qxd2+ 19. Kxd2 fxe4 20. dxe4 d5 21. cxd5 cxd5 22. exd5 Rad8 23. Rhc1 Nxd5 24. Nxd5 Be6 25. Rxc5 Bxd5 26. Kc3 Rfe8 27. Rd1 Re3+ 28. Kd2 Ree8 29. Kc3 Re3+ 30. Kd2 Ree8 31. Kc3 Re3+ 32. Kd2 Ree8 33. Kc3 1/2-1/2

[Event "Olympiad Women 2024"]
[Site "Budapest HUN"]
[Date "2024.09.21"]
[Round "10.3"]
[Board "2"]
[White "Guo, Qi"]
[Black "Vaishali, Rameshbabu"]
[Result "1/2-1/2"]
[WhiteElo "2367"]
[BlackElo "2498"]
[PlyCount "106"]
[EventDate "2024.09.11"]
[WhiteTeam "China"]
[BlackTeam "India"]
[WhiteTeamCountry "CHN"]
[BlackTeamCountry "IND"]

1. d4 Nf6 2. Nf3 g6 3. c4 Bg7 4. Nc3 d5 5. cxd5 Nxd5 6. e4 Nxc3 7. bxc3 c5 8. Be3 Bg4 9. Qa4+ Nc6 ({RR} 9... Bd7 10. Qa3 cxd4 11. cxd4 O-O 12. Rc1 Nc6 13. d5 Ne5 14. Nxe5 Bxe5 15. Be2 f5 16. Bc5 Rf7 17. exf5 Bxf5 18. O-O b6 19. Bb4 Bd6 20. Rc6 Bd7 21. Bc4 Rc8 22. Bxd6 exd6 23. Qxd6 Bxc6 24. Qxd8+ {½-½ Kramnik,V (2772)-Leko,P (2745) Amber-blindfold 10th rapid 2001 (11)}) ({RR} 9... Nd7 10. Be2 O-O 11. Rd1 cxd4 12. cxd4 Nf6 13. d5 b5 14. Qb4 a5 15. Qb1 b4 16. O-O Nd7 17. h3 Bxf3 18. Bxf3 Nb6 19. Qb3 Rc8 20. Rc1 Bc3 21. Bg4 a4 22. Qd1 Ra8 23. Rxc3 bxc3 24. Qd4 {1-0 Donchenko,A (2664)-Ragger,M (2615) TCh-AUT 2023-24 (9.1)}) 10. Bb5 cxd4 $146 ({RR} 10... O-O 11. Rd1 Qc7 12. Be2 Rfd8 13. O-O Rac8 14. h3 Bxf3 15. Bxf3 cxd4 16. cxd4 b5 17. Qxb5 Nxd4 18. Bxd4 Bxd4 19. Qa4 Qe5 20. Rd2 Rd6 21. Rfd1 Rcd8 22. Kf1 h5 23. Qc4 Kg7 24. Qa4 Qf6 25. Qa5 {0-1 Astengo,C (2126)-Forchert,M (2375) Bayern-chI Bank Hofmann 20th 2016 (5)}) 11. cxd4 O-O 12. Bxc6 bxc6 13. Rc1 Bxf3 14. gxf3 e5 15. dxe5 Bxe5 16. f4 Bg7 17. h4 Qd3 18. Qc4 Rfd8 19. Qxd3 Rxd3 20. Rxc6 Ra3 21. O-O Rxa2 22. Rfc1 h5 23. Rc8+ Rxc8 24. Rxc8+ Kh7 25. Rc7 Kg8 26. Rc8+ Kh7 27. Rc7 Kg8 28. e5 a5 29. Rc8+ Kh7 30. Rc7 Kg8 31. Rc8+ Kh7 32. Ra8 a4 33. Kg2 a3 34. Ra7 Kg8 35. Ra8+ Kh7 36. Ra7 Kg8 37. Ra8+ Kh7 38. Kf3 Ra1 39. Bd4 Rd1 40. Ke4 Re1+ 41. Be3 Ra1 42. Ra7 a2 43. e6 Rb1 44. e7 f5+ 45. Kd5 Rb7 46. Rxb7 a1=Q 47. Rb8 Qa2+ 48. Kd6 Qa6+ 49. Kd7 Qd3+ 50. Kc7 Qc4+ 51. Kd6 Qd3+ 52. Kc7 Qc4+ 53. Kd6 Qd3+ 1/2-1/2

[Event "Olympiad Women 2024"]
[Site "Budapest HUN"]
[Date "2024.09.21"]
[Round "10.3"]
[Board "3"]
[White "Divya, Deshmukh"]
[Black "Ni, Shiqun"]
[Result "1-0"]
[WhiteElo "2483"]
[BlackElo "2348"]
[PlyCount "77"]
[EventDate "2024.09.11"]
[WhiteTeam "India"]
[BlackTeam "China"]
[WhiteTeamCountry "IND"]
[BlackTeamCountry "CHN"]

1. e4 {ChessBase II} e5 2. Nf3 Nf6 3. Nxe5 d6 4. Nf3 Nxe4 5. Nc3 Nxc3 6. dxc3 Be7 7. Bf4 Nc6 8. Qd2 Be6 9. O-O-O Qd7 10. h4 ({RR} 10. Ng5 Bxg5 11. Bxg5 f6 12. Be3 O-O-O 13. b3 Bf5 14. f3 h5 15. Bf2 Rde8 16. Kb2 Re5 17. h3 a6 18. Be2 Rhe8 19. Rhe1 Qe7 20. Bf1 Qf7 21. g4 hxg4 22. hxg4 Bd7 23. Bc4 Be6 24. Bd3 Rxe1 {½-½ Wang,J (2363)-Ni,S (2320) CHN Masters (Women) 4th 2014 (1)}) 10... h6 ({RR} 10... O-O-O 11. Kb1 h6 12. Nd4 Nxd4 13. Qxd4 c5 14. Qe3 Qc6 15. Qg3 g5 16. hxg5 hxg5 17. Rxh8 Rxh8 18. Bxg5 Rg8 19. f4 Bxg5 20. fxg5 d5 21. Qe3 Bf5 22. Be2 d4 23. cxd4 Bxc2+ 24. Ka1 Bxd1 25. Bxd1 {0-1 Maldonado Gonzales,S (2245)-Adarsh D (1756) 15th Dolomiti Open 2024 (2.6)}) 11. Kb1 ({RR} 11. Bb5 a6 12. Ba4 b5 13. Bb3 Bxb3 14. axb3 Qf5 15. Rh3 ({RR} 15. Rhe1 O-O-O 16. g3 ({RR} 16. c4 Bf6 17. Kb1 Rhe8 18. g3 Rxe1 19. Nxe1 Re8 20. Qd3) 16... Bf6 17. Kb1 Rhe8 18. Qd3 Qxd3 19. cxd3 Kb7 20. Kc2 Ne7 21. d4) 15... O-O-O 16. Be3 ({RR} 16. Rg3 Bf6) 16... Bf6 17. Nd4 Bxd4 ({RR} 17... Qe4) 18. Bxd4 ({RR} 18. cxd4 d5 19. Rg3) 18... f6 19. Rg3 Rd7 20. Re1 Qh5 21. Qe2 Qxe2 ({RR} 21... Qxh4 22. Qe6 Nxd4 23. cxd4 Qxd4 24. Rxg7) 22. Rxe2 h5 23. b4 {½-½ Nepomniachtchi,I (2729)-Volokitin,A (2677) EU-ch 12th Aix les Bains 2011 (9)}) 11... Bf6 12. Nd4 $146 ({RR} 12. Bb5 a6 13. Be2 O-O-O 14. Bg3 Rhe8 15. Rhe1 Kb8 16. Qf4 Ne7 17. Nd4 Ng6 18. Qf3 Nxh4 19. Bxh4 Bxh4 20. b3 d5 21. g3 Bf6 22. Qg2 Bh3 23. Qf3 c5 24. g4 cxd4 25. cxd4 Bxg4 26. Qg3+ Qd6 {0-1 Markaki,S (1764)-Moshou,A (1575) GRE-chT 43rd 2015 (1.5)}) 12... Nxd4 13. cxd4 c6 14. Be2 h5 15. Bf3 d5 16. Rde1 O-O-O 17. Re3 Be7 18. Qa5 b6 19. Rb3 Qb7 20. Qa4 Bd6 21. Bxd6 Rxd6 22. Be2 a5 23. Qa3 Kc7 24. Re3 g6 25. Re1 Qc8 26. Re5 Rg8 27. Qg3 Qd8 28. Bd3 Kb7 29. Qf4 Rd7 30. g3 Bg4 31. f3 Be6 32. a3 Qe7 33. Rh1 Qd8 34. g4 hxg4 35. fxg4 g5 36. hxg5 Rh8 37. Rh6 Rd6 38. Rxh8 Qxh8 39. Rxe6 1-0

[Event "Olympiad Women 2024"]
[Site "Budapest HUN"]
[Date "2024.09.21"]
[Round "10.3"]
[Board "4"]
[White "Lu, Miaoyi"]
[Black "Vantika, Agrawal"]
[Result "1/2-1/2"]
[WhiteElo "2438"]
[BlackElo "2370"]
[PlyCount "60"]
[EventDate "2024.09.11"]
[WhiteTeam "China"]
[BlackTeam "India"]
[WhiteTeamCountry "CHN"]
[BlackTeamCountry "IND"]

1. e4 e6 2. d4 d5 3. Nc3 Nf6 4. e5 Nfd7 5. f4 c5 6. Nf3 Nc6 7. Be3 cxd4 8. Nxd4 Qb6 9. Qd2 Qxb2 10. Rb1 Qa3 11. Bb5 Nxd4 12. Bxd4 a6 13. Rb3 Qe7 14. Ba4 Qh4+ 15. Bf2 Qd8 16. Bb6 Qh4+ 17. g3 Qg4 18. Ne4 Be7 19. Nc5 Bxc5 20. Bxc5 b5 21. Ba3 Nxe5 22. Qb4 Ng6 23. Rc3 Bd7 24. Rc7 Qf3 $146 ({RR} 24... Rd8 25. Bb3 Qf3 26. Rf1 Qe4+ 27. Qxe4 dxe4 28. Ra7 f5 29. Kf2 Bc8 30. Rc7 a5 31. c3 a4 32. Bd1 Bd7 33. Be2 Rc8 34. Rxc8+ Bxc8 35. Bxb5+ Bd7 36. Rb1 Bxb5 37. Rxb5 Kd7 38. h4 Rc8 39. Bb4 {½-½ Flom,G (2425)-Bosc,S (2216) TCh-FRA Top 16 GpA 2024 (6.22)}) 25. Rxd7 Qxh1+ 26. Kf2 Qxh2+ 27. Kf1 Qh1+ 28. Kf2 Qh2+ 29. Kf1 Qh1+ 30. Kf2 Qh2+ 1/2-1/2

[Event "Olympiad Women 2024"]
[Site "Budapest HUN"]
[Date "2024.09.21"]
[Round "10.4"]
[Board "1"]
[White "Kashlinskaya, Alina"]
[Black "Wagner, Dinara"]
[Result "1/2-1/2"]
[WhiteElo "2490"]
[BlackElo "2452"]
[PlyCount "66"]
[EventDate "2024.09.11"]
[WhiteTeam "Poland"]
[BlackTeam "Germany"]
[WhiteTeamCountry "POL"]
[BlackTeamCountry "GER"]

1. d4 Nf6 2. c4 e6 3. Bf4 b6 4. a3 Bb7 5. Nc3 d5 6. cxd5 Nxd5 7. Nxd5 Bxd5 ({RR} 7... Qxd5 8. e3 Bd6 9. Ne2 O-O 10. Nc3 Qc6 11. Bg3 Qd7 12. Rc1 Qe7 13. Bxd6 cxd6 14. d5 Nd7 15. Be2 Nf6 16. Bf3 exd5 17. Nxd5 {½-½ Mendonca,L (2615)-Ayush,S (2342) 57th Biel Master Open 2024 (10.1)}) 8. e3 Bd6 9. Ne2 $146 ({RR} 9. Bg3 O-O 10. Nf3 Nd7 11. Rc1 Rc8 12. Ba6 Ra8 13. b4 Bxg3 14. hxg3 c5 15. Bd3 h6 16. g4 Bxf3 17. Qxf3 cxd4 18. exd4 Qg5 19. Rc7 Nf6 20. O-O Rad8 21. Rd1 a5 22. bxa5 bxa5 23. Ra7 g6 {0-1 Yang,K (2481)-Nogerbek,K (2424) Titled Tuesday intern op 24th May Early blitz 2022 (3)}) 9... O-O 10. Bg3 c5 11. dxc5 Bxc5 12. Nc3 Bb7 13. Qc2 Nd7 14. Bd3 h6 15. O-O Qe7 16. Rfd1 a5 17. Bh7+ Kh8 18. Be4 Nf6 19. Bh4 Rac8 20. Qe2 Bxe4 21. Nxe4 g5 22. Nxf6 Qxf6 23. Bg3 Rfd8 24. h3 Rxd1+ 25. Rxd1 Rd8 26. Rxd8+ Qxd8 27. b4 axb4 28. axb4 Bf8 29. Qb5 Kg8 30. Be5 Bg7 31. Bg3 Bf8 32. Be5 Bg7 33. Bg3 Bf8 1/2-1/2

[Event "Olympiad Women 2024"]
[Site "Budapest HUN"]
[Date "2024.09.21"]
[Round "10.4"]
[Board "2"]
[White "Paehtz, Elisabeth"]
[Black "Socko, Monika"]
[Result "1/2-1/2"]
[WhiteElo "2455"]
[BlackElo "2422"]
[PlyCount "65"]
[EventDate "2024.09.11"]
[WhiteTeam "Germany"]
[BlackTeam "Poland"]
[WhiteTeamCountry "GER"]
[BlackTeamCountry "POL"]

1. Nf3 Nf6 2. g3 b6 3. Bg2 Bb7 4. c4 e6 5. b3 Be7 6. Bb2 O-O 7. O-O c5 8. d4 cxd4 9. Qxd4 Nc6 10. Qf4 d5 11. Rd1 Qb8 12. Ne5 Bd6 13. Nxc6 Bxc6 14. Qd2 Be5 15. Bxe5 $146 ({RR} 15. Nc3 Rd8 16. cxd5 exd5 17. Rac1 h6 18. Nb1 Bb7 19. Bd4 Qd6 20. Nc3 Bxd4 21. Qxd4 Qe7 22. e3 Rac8 23. Nxd5 Bxd5 24. Rxc8 Rxc8 25. Bxd5 Nxd5 26. Qxd5 Rc2 27. Qd8+ Qxd8 28. Rxd8+ Kh7 29. Rd7 Rxa2 {1-0 Nakamura,H (2736)-Koneru,H (2586) Chess Super League 2021 (1.1)}) 15... Qxe5 16. Nc3 Rad8 17. cxd5 Bxd5 18. Nxd5 exd5 19. Rac1 d4 20. Rc4 h6 21. Bf3 Ne4 22. Bxe4 Qxe4 23. Qd3 Qe5 24. Rd2 Rfe8 25. a4 g6 26. b4 Rd7 27. b5 Red8 28. Rc6 Kg7 29. Kg2 Qe7 30. Rc4 Qe6 31. Rc6 Qe7 32. Rdc2 Qe5 33. Rd2 1/2-1/2

[Event "Olympiad Women 2024"]
[Site "Budapest HUN"]
[Date "2024.09.21"]
[Round "10.4"]
[Board "3"]
[White "Maltsevskaya, Aleksandra"]
[Black "Heinemann, Josefine"]
[Result "1/2-1/2"]
[WhiteElo "2404"]
[BlackElo "2316"]
[PlyCount "59"]
[EventDate "2024.09.11"]
[WhiteTeam "Poland"]
[BlackTeam "Germany"]
[WhiteTeamCountry "POL"]
[BlackTeamCountry "GER"]

1. Nf3 d5 2. c4 e6 3. g3 Nf6 4. Bg2 dxc4 5. Qa4+ Nbd7 6. Qxc4 a6 7. Qc2 c5 8. O-O b5 9. a4 Bb7 10. d3 Be7 11. Nc3 Qb6 12. Be3 ({RR} 12. Qb3 b4 13. a5 Qd8 14. Nb1 Bd5 15. Qc2 O-O 16. Nbd2 Nb8 17. Rd1 Ra7 18. e4 Ba8 19. Nb3 Rc7 20. Be3 Nbd7 21. Qe2 Bc6 22. Nfd2 Bb5 23. Nc4 Rc8 24. e5 Nd5 25. Bd2 Nb8 26. h4 Nc6 {0-1 Nakamura,H (2776)-Kramnik,V (2783) Zuerich Chess Challenge Rapid 4th 2015 (2)}) ({RR} 12. Qb3 b4 13. a5 Qa7 14. Nb1 Bd5 15. Qa4 O-O 16. Nbd2 Qb7 17. Nc4 Rfd8 18. Bf4 Rac8 19. Rac1 Bc6 20. Qb3 Nd5 21. Bd2 Nc7 22. e4 Nb5 23. Bf4 h6 24. h4 Kh7 25. Rfd1 f6 26. h5 e5 {0-1 Mgeladze,T (2388)-Eilenberg,J (2299) Titled Tue 13th Feb Early 2024 (5)}) 12... O-O 13. h3 Rfc8 14. Rfc1 h6 $146 ({RR} 14... Nd5 15. Nxd5 Bxd5 16. Nd2 Qb7 17. Bxd5 exd5 18. Nf3 d4 19. Bg5 Bxg5 20. Nxg5 Qd5 21. Ne4 f5 22. Nd2 Nb6 23. axb5 axb5 24. Rxa8 Nxa8 25. Qb3 Qxb3 26. Nxb3 Nb6 27. Rxc5 Rxc5 28. Nxc5 Kf7 29. Nb3 {1-0 Nurkiewicz,M (2379)-Nowak,L (1897) Warsaw-ch opA 66th 2013 (2)}) ({RR} 14... Nd5 15. Bd2 h6 16. Qb3 c4 17. dxc4 Nc5 18. Nxd5 Bxd5 19. Qe3 bxc4 20. Bc3 Qb7 21. Rd1 Bf8 22. a5 Rab8 23. Nh4 Bxg2 24. Nxg2 Rd8 25. Nf4 Qe4 26. Qf3 Qxf3 27. exf3 f6 28. Ng6 Nd3 29. Nxf8 {0-1 Prohaszka,P (2592)-Vazquez,G (2527) US Collegiate Blitz 2020 (6)}) 15. axb5 axb5 16. Rxa8 Bxa8 17. b4 Qb8 18. bxc5 Bxc5 19. Bxc5 Rxc5 20. Qb2 b4 21. Na2 Rxc1+ 22. Nxc1 Nc5 23. Nd4 Bxg2 24. Kxg2 Qb7+ 25. Kg1 Nd5 26. Na2 Na4 27. Qb3 Nc5 28. Qb2 Na4 29. Qb3 Nc5 30. Qb2 1/2-1/2

[Event "Olympiad Women 2024"]
[Site "Budapest HUN"]
[Date "2024.09.21"]
[Round "10.4"]
[Board "4"]
[White "Klek, Hanna Marie"]
[Black "Kiolbasa, Oliwia"]
[Result "0-1"]
[WhiteElo "2296"]
[BlackElo "2348"]
[PlyCount "104"]
[EventDate "2024.09.11"]
[WhiteTeam "Germany"]
[BlackTeam "Poland"]
[WhiteTeamCountry "GER"]
[BlackTeamCountry "POL"]

1. e4 e5 2. Nf3 Nc6 3. d4 exd4 4. Nxd4 Nf6 5. Nxc6 bxc6 6. e5 Qe7 7. Qe2 Nd5 8. g3 g6 9. c4 Nb6 10. a4 $146 ({RR} 10. Bd2 Bg7 11. Bc3 O-O 12. Bg2 Rb8 13. b3 Re8 14. f4 d6 15. Bxc6 Bd7 16. Bxd7 Qxd7 17. O-O dxe5 18. f5 gxf5 19. Qf2 Rbd8 20. Qxf5 Qxf5 21. Rxf5 Rd3 22. Kf2 f6 23. Ke2 Red8 24. Rf1 h5 {0-1 Pinkava,J (1859)-Svoboda,I (1949) CZE-chT2D 1718 2017 (6.8)}) ({RR} 10. b3 Bg7 11. f4 O-O 12. a4 d6 13. Bg2 Rb8 14. Ba3 c5 15. O-O dxe5 16. Nc3 e4 17. Nxe4 Bd4+ 18. Kh1 f5 19. Rad1 fxe4 20. Rxd4 Bb7 21. Rdd1 e3 22. Bxb7 Rxb7 23. Rd3 Nd7 24. Rxe3 Qf6 {1-0 Sychev,K (2572)-Esipenko,A (2682) Abu Dhabi Super Blitz op 1st 2020 (5)}) ({RR} 10. b3 Bg7 11. Bb2 O-O 12. Nd2 d6 13. Bg2 Bd7 14. f4 Rae8 15. Nf3 f6 16. O-O-O fxe5 17. fxe5 dxe5 18. Nd2 Qg5 19. Kb1 Bg4 20. Bf3 Bxf3 21. Nxf3 Qf5+ 22. Rd3 e4 23. Nh4 exd3 24. Nxf5 dxe2 {0-1 Jimenez Salas,M (1995)-Estrada Nieto,J (2204) Titled Tue 3rd Sep Early 2024 (11)}) ({RR} 10. Bg2 Bg7 11. O-O O-O 12. Re1 Re8 13. Bf4 g5 14. Bd2 Qxe5 15. Qd1 Qxe1+ 16. Bxe1 Bxb2 17. Bc3 Bxa1 18. Bxa1 d5 19. Nd2 Bf5 20. Nf3 f6 21. Qd4 Re6 22. h4 g4 23. Ng5 Rd6 24. c5 Rf8 {1-0 Antipov,M (2593)-Kuzmin,R (2127) RUS-chT blitz 2018 (15.7)}) 10... a5 11. b3 Bg7 12. f4 O-O 13. Ba3 c5 14. Bg2 Rb8 15. Nc3 f6 16. Ne4 fxe5 17. Nxc5 d6 18. Nd3 e4 19. Nb2 Bc3+ 20. Kd1 Qf6 21. Kc2 e3 22. Rad1 Bf5+ 23. Nd3 Qd4 24. Rb1 Nxc4 25. bxc4 Qxc4 26. Bd5+ Qxd5 27. Kxc3 Qc6+ 28. Bc5 Bxd3 29. Qa2+ Kg7 30. Kxd3 dxc5 31. Kxe3 c4 32. Qa3 Rfe8+ 33. Kf2 Rxb1 34. Qc3+ Kf7 35. Rxb1 Qc5+ 36. Kf1 Qd5 37. Kf2 Qc5+ 38. Kf1 Re3 39. Qc2 Qd5 40. Kg1 Rd3 41. Qg2 Rd1+ 42. Rxd1 Qxd1+ 43. Qf1 Qd4+ 44. Kg2 c3 45. Qe2 Qxa4 46. f5 Qc6+ 47. Kh3 c2 48. fxg6+ hxg6 49. Qf1+ Kg8 50. Qc1 a4 51. Kh4 a3 52. Kg5 a2 0-1